| 000 | 00795nam a2200253 4500 | ||
|---|---|---|---|
| 001 | 34429 | ||
| 003 | BD-RjUL | ||
| 005 | 20211209052146.0 | ||
| 008 | 140517s1969 enka bs 001 0 eng d | ||
| 035 | _a(BD-RjUL)34523 | ||
| 040 |
_aDLC _cDLC _dDLC _beng |
||
| 041 | _aeng | ||
| 082 | 0 | 0 |
_a309.173 _bSOC 1969 |
| 245 | 1 | 0 |
_aSocial intelligence for America's future : _bexplorations in societal problems / _cBertram M. Gross, editor. |
| 260 |
_aBoston : _bAllyn and Bacon, _c1969. |
||
| 300 |
_axxxv, 541 p. _c24 cm. |
||
| 504 | _aBibliographical footnotes. | ||
| 651 | 0 |
_aUnited States _xSocial conditions _y1960-1980. _96749 |
|
| 651 | 0 |
_aUnited States _xSocial policy. _9104688 |
|
| 700 | 1 |
_aGross, Bertram Myron, _9104689 |
|
| 942 |
_2ddc _cBK |
||
| 999 |
_c34429 _d34429 |
||